000 00625nam a22002177i 4500
003 URS
005 20220114152606.0
008 170227b xxu||||| |||| 00| 0 eng d
020 _a0156605171
040 _erda
_cURSP-College Library
_beng
050 0 0 _bM7331 1965
100 1 _aMoliere, Jean Baptiste Poquelin De
245 _aThe Misanthrope and Tartuffe
_cJeaan Baptiste Poquelin De Moliere
264 1 _aNew York
_bHBJ Books
_c1965.
300 _a326pages
_c20cm.
336 _atext
_btxt
_2rdacontent
337 _aunmediated
_bn
_2rdamedia
338 _avolume
_bnc
_2rdacarrier
500 _aIncludes
942 _2lcc
_cFR
999 _c6988
_d6988